000 00504nam a2200181Ia 4500
005 20250508150918.0
008 008 250505s9999 xx 000 0 eng d
037 _aTextual
040 _aFEDL
_beng
_cFEDL
041 _aeng
_2eng
084 _a791.5, SAU
_qFEDL
100 _aSaunders E Francis
_9757934
245 0 _aPuppetry in schools
260 _aLondon, UK
_bSir Isaac Pitman and Sons Ltd
_c1950
300 _axiii,104p
942 _cTEXL
_h791.5, SAU
999 _c1326422
_d1326422